000 00693nam a22002297a 4500
005 20180615150231.0
008 180615b xxu||||| |||| 00| 0 eng d
010 _aB-031051
020 _c00.00
_a8173913730
035 _aB-031051
037 _bBPPD/PUB
040 _adpl
_bEnglish
082 _a371.2
245 _aClassroom management :
_cedited by Amarjit Singh
_ba reflective perspective /
260 _aNew Delhi
_bKanishka Publications
_c2001
270 _a4697/5-21A Ansari Road Daryaganj
_bNew Delhi
_e110002
300 _axii,225p.
_c22cm(Hb)
_bill
500 _aIncludes index
700 _aAmarjit Singh
942 _2ddc
_cEN
_mCLA
_h371.2
999 _c152744
_d152744